| 000 | 03902nmm a22004337a 4500 | ||
|---|---|---|---|
| 999 |
_c6598 _d6598 |
||
| 003 | OSt | ||
| 005 | 20260325094102.0 | ||
| 008 | 191018e xxu|||||o||d| 00| 0 spa d | ||
| 020 | _a9789507277658 | ||
| 040 | _cPJ | ||
| 245 | 1 | 0 |
_aRevista Laboral : _baplicación judicial de las normas internacionales del trabajo / _cMario E. Ackerman director. |
| 260 |
_aSanta Fé : _bRubinzal Culzoni, _c2025. |
||
| 300 |
_a680 p. _c22 cm. |
||
| 310 | _asemestral | ||
| 362 | _aNo.1 (2025) | ||
| 505 |
_tAplicación judicial de las normas internacionales del trabajo en la experiencia comparada / _r Mario E. Ackerman. |
||
| 505 |
_tLa corte interamericana de derechos humanos “laboral”: autonomía y justiciabilidad directa del derecho del trabajo / _rCésar Arese. |
||
| 505 |
_tIgualdad de oportunidades y de trato: derivaciones de los principios de igualdad y no discriminación. jurisprudencia de la corte suprema nacional / _r Teresita N. Saracho Cornet. |
||
| 505 |
_tDiscriminación en razón de género / _r Verónica Nuguer y María Fabiana Sosa. |
||
| 505 |
_tLa aplicación por los tribunales argentinos de instrumentos internacionales en materia de responsabilidades familiares / _rLiliana Hebe Litterio. |
||
| 505 |
_tLa jornada de trabajo y el tiempo de descanso en las normas internacionales y su aplicación en el derecho interno desde la perspectiva de las decisiones judiciales / _rSilvia E. Pinto Varela. |
||
| 505 |
_tLas normas internacionales y su aplicación al derecho interno (argentina) desde la perspectiva de las decisiones judiciales - la edad para trabajar: convenios oit 138 y 182. recomendaciones 146 y 190 / _rMaría Lucila Franzosi y María Dolores Ortiz. |
||
| 505 |
_tReflexiones sobre el convenio 158 de la oit y sus efectos en el sistema jurídico y social argentino / _rJorge Elías. |
||
| 505 |
_tLa protección del crédito laboral frente a la insuficiencia patrimonial, los convenios de la oit, sus recomendaciones y perspectivas / _r Aníbal Cuadrado. |
||
| 505 |
_tLa seguridad y la salud en el trabajo: convenios oit nº 155, 161 y 187. protocolo nº 155. recomendaciones nº 164, 194 y 197 / _r Martín Morelli. |
||
| 505 |
_tEl régimen de riesgos del trabajo de las leyes 24.557, 26.773 y 27.348 frente a las normas de carácter internacional y la jurisprudencia de la corte suprema de justicia de la nación / _r Miguel Ángel Maza. |
||
| 505 |
_tEmpleo público. convenio oit nº 151. recomendación nº 159. la problemática de las condiciones de trabajo en las relaciones laborales en el sector público / _r Diego Marcelo Ledesma Iturbide. |
||
| 505 |
_tLa corte suprema inaugura el modelo de representación dual argentino de los trabajadores en la empresa - comentario sobre el fallo “sutepa” / _r Héctor Omar García. |
||
| 505 |
_tLas normas internacionales y su aplicación a la representación sindical en la empresa / _r Raúl Horacio Ojeda. |
||
| 505 |
_tLas normas internacionales y su aplicación al derecho interno desde la perspectiva de las decisiones judiciales en materia de negociación colectiva / _rHoracio Las Heras. |
||
| 505 |
_tLas normas internacionales referentes a la seguridad social y su aplicación al derecho interno desde la perspectiva de las decisiones judiciales / _r Graciela E. Cipolletta. |
||
| 505 |
_tEscenarios de “hipervulnerabilidad” en el derecho del trabajo a la luz de las decisiones judiciales que receptan las normas internacionales sobre tutela judicial efectiva / _r Diego J. Tula. |
||
| 505 |
_tSíntesis de jurisprudencia / _rr Diego Rodrigo Guirado - Colaborador: Nahuel Nehuen Espinillo. |
||
| 650 | 0 |
_91316 _aDERECHO LABORAL |
|
| 650 | 0 |
_94925 _aORGANIZACION INTERNACIONAL DEL TRABAJO |
|
| 700 |
_91423 _aAckermann, Mario Eduardo _edirector |
||
| 856 |
_uhttps://www.rubinzal.com.ar/revistas/revista-de-derecho-laboral/5/?menupc=1 _yRevista Derecho Laboral |
||
| 942 |
_2udc _cPP |
||